Meisterkader VfL Wolfsburg 2008/09 - Statistiken

Allgemein
  • Dieses Quiz wurde 156 mal gespielt
  • Das Durchschnittsergebnis liegt bei 13 aus 36
Antwortstatistiken
# Position Nation Name % Korrekt
9 MS BIH Edin Dzeko
94%
23 MS BRA Grafite
92%
1 TW CH/ITA Diego Benaglio
88%
- Trainer D Felix Magath
83%
10 OM BIH/D Zvjezdan Misimovic
75%
4 LV D Marcel Schäfer
69%
43 IV ITA Andrea Barzagli
65%
13 DM JAP Makoto Hasebe
65%
24 RA IRN/D Ashkan Dejagah
59%
7 DM BRA Josué
49%
35 TW CH Marwin Hitz
49%
25 ZM D Christian Gentner
46%
17 IV D Alexander Madlung
44%
2 IV ITA Cristian Zaccardo
38%
12 TW D André Lenz
37%
19 RV SVK Peter Pekarik
36%
20 RV D Sascha Riether
35%
6 IV CZ Jan Simunek
28%
39 RV POR Alex Costa
26%
5 IV POR Ricardo Costa
26%
18 LM PL Jacek Krzynowek
15%
30 OM BRA Marcelinho
15%
- LM RUM Vlad Munteanu
14%
27 RA D Alexander Esswein
13%
11 MS BRA Caiuby
13%
14 ZM PAR/ARG Jonathan Santana
13%
16 MS TUR/D Mahir Saglik
13%
32 DM D/PL Sebastian Schindzielorz
11%
8 MS JAP Yoshito Okubo
9%
15 ZM D Daniel Adlung
8%
21 TW D Patrick Platins
8%
3 LV BRA Rodrigo Alvim
8%
37 LV D/KAZ Sergey Karimov
8%
33 IV D Daniel Reiche
5%
22 LV D Kevin Wolze
5%
41 MS USA/TTO Kamani Hill
3%
Keine übereinstimmenden Quizze gefunden
Verteilung der Resultate
Anzahl Personen mit jedem Resultat
Perzentil nach korrekt beantworteten Fragen
Ihre Resultats-Entwicklung
Sie haben dieses Quiz noch nicht gespielt